| 000 | 00766nam a2200205Ia 4500 | ||
|---|---|---|---|
| 001 | 2964 | ||
| 003 | GE_BSU | ||
| 008 | 181216s||||||||xx |||||||||||||| ||und|| | ||
| 040 | _cGE_BSU | ||
| 080 | _a621.438.001(075.8) | ||
| 100 | _aМанушин,Э.А. Михалцев,В.Е. Чернобровкин,А.П. | ||
| 245 | _aТеория и проектирование газотурбинных и комбинированных установок. | ||
| 245 | _bУчебник. | ||
| 260 | _aМ. | ||
| 260 | _bМашиностроение. | ||
| 260 | _c1977. | ||
| 300 | _a477 стр. с илл. 21см. | ||
| 653 | _aТеория и проектирование газотурбинных и комбинированных установок. | ||
| 942 | _cBK | ||
| 999 |
_c37012 _d37012 |
||